000 00311nam a2200109Ia 4500
008 200302s9999 xx 000 0 und d
100 _aNeelkanth Chhaya
245 _aHarnessing the Intangible Collected Essays on the Work of Balkrishna Doshi
260 _bCouncil of Architecture
260 _c2014
300 _a132
999 _c3693
_d3693